| 000 | 00611nam a2200181Ia 4500 | ||
|---|---|---|---|
| 008 | 100920s9999 xx 000 0 und d | ||
| 082 |
_b36158 _a410 थ 76 |
||
| 100 | _aकुळकर्णी द. भि. | ||
| 245 | _aतिसर्यांदा रणांगण. | ||
| 260 |
_bविजय प्रकाशन, नागपूर. _c1976 |
||
| 300 |
_a164 _bसाधी |
||
| 365 | _b16 | ||
| 520 | _aभाषा. | ||
| 630 | _aतिसर्यांदा रणांगण. | ||
| 650 | _aभाषा. | ||
| 730 | _aतिसर्यांदा रणांगण. | ||
| 942 | _cBOOK | ||
| 999 |
_c689494 _d689491 |
||